[Event "AUTO-ADV-4093"]
[Site "http://www.queenalice.com/game.php?id=1549581"]
[Date "2018.11.17"]
[Round "1"]
[White "KAXY"]
[Black "BOSQUES"]
[Result "0-1"]
[WhiteElo "1756"]
[BlackElo "1870"]

1. d4 d5 2. e3 c5 3. dxc5 e5 4. Nc3 Nf6 5. Nge2 Bxc5 6. Ng3 O-O 7. a3 Nc6 8. b4
Be7 9. Bb5 a6 10. Bxc6 bxc6 11. Bb2 Rb8 12. O-O Be6 13. e4 d4 14. Nce2 Bc4 15.
Re1 c5 16. Nc1 cxb4 17. axb4 Bxb4 18. Ba3 Bxe1 19. Qxe1 Re8 20. Nd3 Qc7 21. Nf5
Qb7 22. Nd6 Qc6 23. Nxe8 Rxe8 24. Bc1 Nxe4 25. f3 Nc3 26. h3 f6 27. Bd2 Nd5 28.
Rb1 Ra8 29. Kh2 h6 30. Qe4 Rd8 31. Nb4 Nxb4 32. Rxb4 Bd5 33. Qd3 Rc8 34. Rb2 Bc4
35. Qa3 Bb5 36. Qb3+ Kh8 37. Qf7 Re8 38. Be1 d3 39. cxd3 Qc1 40. Rxb5 Rg8 41.
Bh4 Qf4+ 42. Bg3 Qa4 43. Rb7 a5 44. Qd5 h5 45. Ra7 h4 46. Bf2 Qf4+ 47. Kh1 a4
48. Kg1 a3 49. Qa2 f5 50. Rxa3 e4 51. dxe4 fxe4 52. Re3 exf3 53. Rxf3 Qc1+ 54.
Kh2 Qc7+ 55. Kh1 Qc1+ 56. Bg1 Rc8 57. Rf5 Qd1 58. Rf4 Qe1 59. Qd5 Re8 60. Qh5+
Kg8 61. Qxh4 Qe6 62. Rf3 Re7 63. Qf2 Kh7 64. Qc2+ g6 0-1

[Event "AUTO-ADV-3996"]
[Site "http://www.queenalice.com/game.php?id=1550312"]
[Date "2018.11.23"]
[Round "3"]
[White "Bruscato"]
[Black "BOSQUES"]
[Result "1-0"]
[WhiteElo "2368"]
[BlackElo "1812"]

1. e4 c5 2. Nf3 d6 3. d4 cxd4 4. Nxd4 e5 5. Nb3 a6 6. Nc3 Nf6 7. Bg5 Be7 8. Be2
O-O 9. O-O Nc6 10. f4 exf4 11. Rxf4 Ne5 12. Qd2 h6 13. Bxf6 Bxf6 14. Raf1 Be6
15. Rxf6 gxf6 16. Qxh6 Ng6 17. Bh5 Qb6+ 18. Kh1 d5 19. Bxg6 fxg6 20. Qxg6+ Kh8
21. Rf4 1-0

[Event "AUTO-ADV-3996"]
[Site "http://www.queenalice.com/game.php?id=1550313"]
[Date "2018.11.23"]
[Round "3"]
[White "BOSQUES"]
[Black "Bruscato"]
[Result "0-1"]
[WhiteElo "1856"]
[BlackElo "2352"]

1. d4 c5 2. c3 Nf6 3. Nf3 d5 4. g3 Nc6 5. Bf4 Nh5 6. Bd2 Bg4 7. Bg2 e6 8. e3 Be7
9. O-O O-O 10. h3 Bxf3 11. Bxf3 Nf6 12. Re1 Rc8 13. dxc5 Bxc5 14. b4 Bd6 15. Na3
a5 16. Nb5 Bb8 17. bxa5 Ne4 18. Bxe4 dxe4 19. c4 Ne5 20. Bb4 Nf3+ 21. Kg2 Nxe1+
22. Qxe1 Re8 23. Rc1 Qg5 24. Bd6 h5 25. c5 h4 26. Bxb8 Rxb8 27. Nd6 Re7 28. Rb1
hxg3 29. fxg3 Qxc5 30. Nxe4 Qc2+ 31. Nf2 Qxa2 32. Ra1 Qd5+ 33. Kh2 Rc7 34. Rd1
Qc6 35. h4 Rbc8 36. Kh3 e5 37. Nd3 Qe6+ 38. Kh2 Rc2+ 39. Rd2 Qa2 40. Rxc2 Rxc2+
41. Kh3 Rh2+ 42. Kg4 Qe6+ 0-1

[Event "AUTO-ADV-3996"]
[Site "http://www.queenalice.com/game.php?id=1550318"]
[Date "2018.11.23"]
[Round "3"]
[White "BOSQUES"]
[Black "kakocarvalho"]
[Result "1-0"]
[WhiteElo "1773"]
[BlackElo "1801"]

1. d4 Nf6 2. c4 g6 3. Nf3 Bg7 4. g3 O-O 5. Bg2 d6 6. O-O Nbd7 7. Nc3 e5 8. dxe5
Nxe5 9. Bg5 Be6 10. b3 Nxf3+ 11. Bxf3 1-0

[Event "AUTO-ADV-3996"]
[Site "http://www.queenalice.com/game.php?id=1550319"]
[Date "2018.11.23"]
[Round "3"]
[White "kakocarvalho"]
[Black "BOSQUES"]
[Result "0-1"]
[WhiteElo "1784"]
[BlackElo "1790"]

1. Nf3 c5 2. g3 d5 3. Bg2 Nf6 4. O-O e6 5. e3 Bd6 6. c4 d4 7. d3 O-O 8. Nbd2 Nc6
9. a3 Ne5 10. Nxe5 Bxe5 0-1

[Event "AUTO-ADV-3996"]
[Site "http://www.queenalice.com/game.php?id=1550320"]
[Date "2018.11.23"]
[Round "3"]
[White "BOSQUES"]
[Black "filou"]
[Result "1-0"]
[WhiteElo "1829"]
[BlackElo "2109"]

1. d4 e6 2. c4 d5 3. Nf3 Nf6 4. Bg5 Be7 5. Nc3 Ne4 6. Bxe7 Qxe7 7. Qc2 Nxc3 8.
Qxc3 O-O 9. e3 b6 10. cxd5 exd5 11. Be2 c5 12. O-O c4 13. a4 a5 14. b3 cxb3 15.
Qxb3 Qd6 16. Rac1 Bf5 17. Ne5 f6 18. Nf3 Nd7 19. Bb5 Rab8 20. h3 Be4 21. Rc6 Qe7
22. Rc7 Rbd8 23. Nd2 Qb4 24. Qxb4 axb4 25. Bxd7 Kh8 26. f3 Bd3 27. Rfc1 h5 28.
Bb5 Bg6 29. R1c6 Rb8 30. Kf2 Be8 31. Rd6 Bf7 32. Rcc6 Rbc8 33. Rxb6 Rc2 34. Ke2
Bg6 35. Bd3 Bxd3+ 36. Kxd3 Rb2 37. Rxd5 g6 38. Rdb5 Kh7 39. Rxb4 Rxb4 40. Rxb4
1-0

[Event "AUTO-ADV-3996"]
[Site "http://www.queenalice.com/game.php?id=1550321"]
[Date "2018.11.23"]
[Round "3"]
[White "filou"]
[Black "BOSQUES"]
[Result "1-0"]
[WhiteElo "2105"]
[BlackElo "1834"]

1. e4 c5 2. Nf3 d6 3. c3 Nc6 4. d4 cxd4 5. cxd4 Bg4 6. Be2 Nf6 7. Nc3 e6 8. O-O
Be7 9. d5 exd5 10. exd5 Ne5 11. Nxe5 Bxe2 12. Qxe2 O-O 13. Nf3 Re8 14. Bd2 Ng4
15. Qd3 Bf6 16. Rab1 a6 17. Ne4 Qe7 18. Nxf6+ Qxf6 19. b3 Ne5 20. Nxe5 dxe5 21.
Rfe1 Rad8 22. Bb4 Re6 23. Qe4 Ree8 24. Rbd1 b6 25. a4 a5 26. Ba3 Rd7 27. d6 Rc8
28. Qxe5 Qd8 29. Bb2 f6 30. Qd5+ Kh8 31. Ba3 Qf8 32. b4 axb4 33. Bxb4 h6 34. Qf5
Rcd8 35. Qd5 Kh7 36. Qf5+ Kh8 37. a5 bxa5 38. Bxa5 Ra8 39. Qxd7 1-0

[Event "AUTO-ADV-4139"]
[Site "http://www.queenalice.com/game.php?id=1561940"]
[Date "2019.2.22"]
[Round "1"]
[White "Eggchaser"]
[Black "BOSQUES"]
[Result "1-0"]
[WhiteElo "1784"]
[BlackElo "1851"]

1. e4 c5 2. Nf3 d6 3. d4 cxd4 4. Nxd4 a6 5. c4 e5 6. Nb3 Nf6 7. Nc3 Nc6 8. Be2
Be6 9. Bg5 Be7 10. O-O O-O 11. Qd2 Nxe4 12. Nxe4 Bxg5 13. Nxg5 Bf5 14. Nf3 Rc8
15. Rfd1 Bg4 16. Qxd6 Bxf3 17. Bxf3 Qg5 18. Qd2 Qh4 19. g3 Qf6 20. Bg2 Rfd8 21.
Qe3 Nd4 22. Nxd4 exd4 23. Qf3 b6 24. Qxf6 gxf6 25. Bd5 b5 26. b3 b4 27. Rxd4 a5
28. Rad1 Re8 29. Bf3 a4 30. Rd7 axb3 31. axb3 Rc5 32. Rd8 Re5 33. Rxe8+ Rxe8 34.
Kf1 Re7 35. Rd8+ Kg7 36. Rb8 Ra7 37. Rxb4 h6 38. Rb7 Ra1+ 39. Kg2 Ra3 40. Bd5
Kg6 41. Bxf7+ Kg5 42. Rb5+ f5 43. h4+ Kf6 44. Bd5 h5 45. Rb6+ Ke5 46. Bf7 f4 47.
gxf4+ Kxf4 48. Bxh5 Ra2 49. Bf7 Ra8 50. h5 Rf8 51. Bg6 Kg5 52. c5 Kh6 53. c6 1-0

[Event "AUTO-ADV-4139"]
[Site "http://www.queenalice.com/game.php?id=1561941"]
[Date "2019.2.22"]
[Round "1"]
[White "BOSQUES"]
[Black "Eggchaser"]
[Result "1-0"]
[WhiteElo "1854"]
[BlackElo "1846"]

1. d4 Nf6 2. c4 Nc6 3. Nf3 e6 4. Nc3 Bb4 5. Bd2 O-O 6. g3 b6 7. Bg2 Bb7 8. O-O
Bxc3 9. Bxc3 a5 10. a3 Ne4 11. Qc2 Nxc3 12. Qxc3 d6 13. Rad1 Qe7 14. e3 Rab8 15.
d5 Nd8 16. e4 e5 17. b4 axb4 18. axb4 Ra8 19. Ra1 Rxa1 20. Rxa1 f5 21. Ra7 fxe4
22. Nd2 Bc8 23. Bxe4 Bf5 24. c5 Bxe4 25. Nxe4 dxc5 26. bxc5 bxc5 27. d6 1-0

[Event "AUTO-ADV-4139"]
[Site "http://www.queenalice.com/game.php?id=1561954"]
[Date "2019.2.22"]
[Round "1"]
[White "BOSQUES"]
[Black "Canaye"]
[Result "0-1"]
[WhiteElo "1881"]
[BlackElo "1864"]

1. d4 e6 2. c4 d5 3. Nf3 c5 4. cxd5 Qxd5 5. Nc3 Qd8 6. e3 Nc6 7. a3 Nf6 8. Be2
cxd4 9. exd4 Bd6 10. O-O O-O 11. Qc2 a6 12. Bg5 h6 13. Bh4 Be7 14. Rad1 b5 15.
Ne5 Bb7 16. Bf3 Nxd4 17. Qd3 Nxf3+ 18. Nxf3 Qb6 19. Ne4 Bxe4 20. Qc3 Rac8 21.
Qb3 Bc2 22. Qe3 Qxe3 23. fxe3 Bxd1 24. Rxd1 g5 25. Bg3 Ne4 26. Be5 Rc2 27. h3 f6
28. Bg3 Nxg3 29. Nd4 Rxb2 30. Nxe6 Rc8 31. Kh2 Nf5 32. Nd4 Nxe3 33. Rg1 Rd8 34.
Nc6 Bd6+ 35. Kh1 Rc8 36. Nd4 Kf7 37. Nf3 Rcc2 38. h4 Rxg2 39. hxg5 Rh2+ 0-1

[Event "AUTO-ADV-4139"]
[Site "http://www.queenalice.com/game.php?id=1561955"]
[Date "2019.2.22"]
[Round "1"]
[White "Canaye"]
[Black "BOSQUES"]
[Result "1-0"]
[WhiteElo "1937"]
[BlackElo "1864"]

1. d4 d5 2. c4 c6 3. Nc3 e6 4. cxd5 cxd5 5. Bf4 Nc6 6. e3 Nf6 7. h3 Be7 8. Bd3
Bd7 9. Nf3 h6 10. a3 a6 11. O-O O-O 12. b4 b5 13. Qc2 Bc8 14. Nxb5 axb5 15. Qxc6
Bd7 16. Qc1 Bc8 17. Bxb5 Ba6 18. Bxa6 Rxa6 19. Ne5 Qd6 20. Nxf7 Qb6 21. Ne5 Ne4
22. Ng6 Re8 23. Nxe7+ Rxe7 24. Qc8+ Kf7 25. Rac1 Rxa3 26. Qd8 Raa7 27. Qxb6 Kg6
28. Rc6 Nd2 29. Rxe6+ Kh7 30. Rxe7 Rxe7 31. Rc1 Rf7 32. Rc7 Rf6 33. Qb7 Rg6 34.
g4 Kh8 35. Qxd5 Nb1 36. Be5 Nd2 37. f4 h5 38. f5 Rg5 39. Qd8+ Kh7 40. Qxg5 Nf3+
41. Kg2 Nxg5 42. Rxg7+ Kh6 43. Rg6+ 1-0

[Event "AUTO-ADV-4139"]
[Site "http://www.queenalice.com/game.php?id=1561956"]
[Date "2019.2.22"]
[Round "1"]
[White "BOSQUES"]
[Black "ALDROB"]
[Result "1-0"]
[WhiteElo "1852"]
[BlackElo "1913"]

1. d4 Nf6 2. c4 g6 3. Nf3 Bg7 4. Nc3 O-O 5. Bf4 d6 6. g3 Nbd7 7. Bg2 Nh5 8. Bg5
f6 9. Bd2 e5 10. e3 Nb6 11. b3 Bg4 12. h3 exd4 13. exd4 Re8+ 14. Ne2 Bxf3 15.
Bxf3 f5 16. Bxh5 gxh5 17. O-O h4 18. Rc1 Nd7 19. Kg2 Nf6 20. Bg5 hxg3 21. Nxg3
Qd7 22. f3 Kh8 23. Re1 Rg8 24. Qc2 h6 25. Bxf6 Bxf6 26. Kh2 Bh4 27. Rg1 f4 28.
Ne4 c6 29. Rg4 d5 30. Rxh4 dxe4 31. Qxe4 Qg7 32. Qe5 Kh7 33. Qf5+ Kh8 34. Rg4
Raf8 35. Rxg7 Rxf5 36. Rxg8+ Kxg8 37. Re1 Rg5 38. Re4 Rf5 39. h4 Kf7 40. Kh3 Kf6
41. Kg4 h5+ 42. Kh3 b6 43. b4 a6 44. a4 a5 45. b5 cxb5 46. cxb5 Kf7 47. Kg2 Rf6
48. Re5 Kg6 49. Rg5+ Kh6 50. Kf2 Rd6 51. d5 Rd8 52. Ke2 Re8+ 53. Kf2 Re3 54. Rf5
Rd3 55. Rf6+ Kg7 56. Rxf4 Rxd5 57. Ke3 Rc5 58. Kd4 Rc1 59. Ke5 Re1+ 60. Kf5 Rg1
61. Ke5 Re1+ 62. Kd5 Rc1 63. Ke6 Re1+ 64. Kd6 Rc1 65. Rf5 Kg6 66. Rg5+ Kh6 67.
Re5 Rd1+ 68. Kc6 Rd4 69. Re4 1-0

[Event "AUTO-ADV-4139"]
[Site "http://www.queenalice.com/game.php?id=1561957"]
[Date "2019.2.22"]
[Round "1"]
[White "ALDROB"]
[Black "BOSQUES"]
[Result "0-1"]
[WhiteElo "1881"]
[BlackElo "1834"]

1. e4 c5 2. Nf3 d6 3. d4 e6 4. Be3 Ne7 5. Be2 g6 6. O-O Bg7 7. c3 cxd4 8. cxd4
O-O 9. Nbd2 a6 10. Rc1 Nbc6 11. a3 b5 12. Nb3 Bb7 13. Qd2 e5 14. d5 Nb8 15. Rc2
Nd7 16. Rfc1 Rc8 17. Bh6 Rxc2 18. Rxc2 Nf6 19. Bd3 Ng4 20. Bg5 h6 21. Bh4 h5 22.
Ng5 Qd7 23. f3 Nh6 24. Na5 Ba8 25. Qc1 Kh8 26. Nc6 Nxc6 27. dxc6 Qc7 28. Nh3 f6
29. f4 Ng4 30. b4 exf4 31. Nxf4 Kh7 32. Ne6 Qb6+ 33. Bf2 Nxf2 34. Rxf2 Rc8 35.
c7 d5 36. Nxg7 Kxg7 37. Qc5 Qxc5 38. bxc5 Rxc7 39. Rc2 dxe4 40. Be2 f5 41. h3
Kf6 42. Kf2 h4 43. Ke3 Ke5 44. a4 Bc6 45. axb5 Bxb5 46. Bxb5 axb5 47. c6 f4+ 48.
Ke2 Kd5 49. Rb2 Kc5 0-1

[Event "AUTO-ADV-4161"]
[Site "http://www.queenalice.com/game.php?id=1566727"]
[Date "2019.4.6"]
[Round "1"]
[White "BOSQUES"]
[Black "Jsc"]
[Result "0-1"]
[WhiteElo "1870"]
[BlackElo "1804"]

1. d4 d5 2. Nf3 e6 3. Nc3 c5 4. e3 Nc6 5. Bb5 c4 6. Ne5 Qc7 7. Qf3 Nf6 8. O-O
Bd6 9. e4 Bxe5 10. dxe5 Qxe5 11. exd5 exd5 12. Re1 Qxe1# 0-1

[Event "AUTO-ADV-4161"]
[Site "http://www.queenalice.com/game.php?id=1566728"]
[Date "2019.4.6"]
[Round "1"]
[White "Jsc"]
[Black "BOSQUES"]
[Result "1-0"]
[WhiteElo "1938"]
[BlackElo "1837"]

1. e4 c5 2. c3 e6 3. d4 cxd4 4. cxd4 d6 5. Nc3 Nc6 6. Bb5 Bd7 7. Nge2 Nf6 8. O-O
Be7 9. Be3 a6 10. Bxc6 bxc6 11. d5 cxd5 12. exd5 e5 13. f4 O-O 14. fxe5 dxe5 15.
d6 Bb5 16. Nxb5 axb5 17. dxe7 Qxe7 18. a3 Rfd8 19. Qb3 Ne4 20. Rf5 Rab8 21. Raf1
Rf8 22. Qd5 Nf6 23. Qxe5 Qxe5 24. Rxe5 Ng4 25. Re4 Nf6 26. Rb4 Rfe8 27. Rf3 Nd5
28. Rb3 h6 29. Kf2 f6 30. Nd4 Kh7 31. Rf5 Nxe3 32. Rfxb5 Ng4+ 33. Kg3 Rxb5 34.
Rxb5 Ne5 35. a4 Ra8 36. a5 Nc4 37. b4 Rd8 38. Nc6 Rd3+ 39. Kf2 Rb3 40. a6 Nd6
41. Ra5 Rb2+ 42. Kg3 Kg6 43. a7 Rb3+ 44. Kf2 Ne4+ 45. Ke2 Nc3+ 46. Kd2 Ne4+ 47.
Kc2 Rc3+ 48. Kb2 Rxc6 49. a8=Q Rc4 50. Qe8+ Kh7 51. Qe7 Rd4 52. Ra7 Rd2+ 53. Kb3
Rd3+ 54. Ka4 Nc3+ 55. Ka5 Rd5+ 56. Ka6 Rg5 57. Qd7 Nb5 58. Qxb5 Rxb5 59. Kxb5
Kg6 60. Kc6 h5 61. b5 1-0

[Event "AUTO-ADV-4161"]
[Site "http://www.queenalice.com/game.php?id=1566729"]
[Date "2019.4.6"]
[Round "1"]
[White "BOSQUES"]
[Black "krystian"]
[Result "1-0"]
[WhiteElo "1896"]
[BlackElo "1845"]

1. d4 d5 2. c4 c6 3. Nc3 Nf6 4. Nf3 Bf5 5. cxd5 Nxd5 6. g3 e6 7. Bg2 Be7 8. Nd2
Nb4 9. O-O Qxd4 10. e3 Qd7 11. e4 Bg6 12. a3 Nd3 13. Qc2 O-O 14. Nf3 Bf6 15. Rd1
Rd8 16. Be3 Bxc3 17. Qxc3 Bxe4 18. Ne5 Qd5 19. Bxe4 Qxe4 20. Nxd3 Nd7 21. Ne1
Qf5 22. Bf4 h6 23. Rac1 Qf6 24. Bc7 Rdc8 25. Rxd7 Qf5 26. Be5 f6 27. Bd4 e5 28.
Be3 Qxd7 29. Nf3 Rd8 30. Qb3+ Kh8 31. Kg2 b6 32. Nd2 c5 33. Qc3 Rac8 34. a4 Qxa4
35. b3 Qd7 36. Nf3 1-0

[Event "AUTO-ADV-4161"]
[Site "http://www.queenalice.com/game.php?id=1566730"]
[Date "2019.4.6"]
[Round "1"]
[White "krystian"]
[Black "BOSQUES"]
[Result "0-1"]
[WhiteElo "1861"]
[BlackElo "1863"]

1. e4 c5 2. Nf3 d6 3. d4 cxd4 4. Nxd4 a6 5. Nc3 e5 6. Nb3 Nc6 7. Be3 Nf6 8. Be2
Be7 9. f4 O-O 10. Qd2 Ng4 11. O-O-O exf4 12. Bd4 Nxd4 13. Qxd4 Bf6 14. Qxd6 Qxd6
15. Rxd6 Ne3 16. Bf3 Bxc3 17. bxc3 Be6 18. e5 Nc4 19. Rd4 Ne3 20. Bxb7 Ra7 21.
Bf3 Rc8 22. Nc5 h6 23. Kd2 Rxc5 24. Rd8+ Kh7 25. Rb1 Rd7+ 26. Rxd7 Nc4+ 27. Kc1
Bxd7 28. Be2 Ne3 29. Rb7 Be6 30. a4 Rxc3 31. Kd2 Rxc2+ 32. Ke1 Nxg2+ 33. Kf1 Nh4
34. Bd3+ Bf5 35. Bxc2 Bxc2 36. a5 Nf5 37. Rxf7 Ne3+ 0-1

[Event "AUTO-ADV-4161"]
[Site "http://www.queenalice.com/game.php?id=1566731"]
[Date "2019.4.6"]
[Round "1"]
[White "BOSQUES"]
[Black "pedone"]
[Result "1-0"]
[WhiteElo "1817"]
[BlackElo "1837"]

1. d4 d5 2. c4 Nf6 3. Nc3 c6 4. Nf3 e6 5. Bg5 Be7 6. c5 Qc7 7. Ne5 Nbd7 8. e3 b5
9. Bd3 a6 10. O-O Bb7 11. a3 Ng8 12. Bf4 Ndf6 13. Ng6 Qa5 14. b4 Qd8 15. Nxh8
Nh6 16. Bxh6 gxh6 17. Qf3 Kd7 18. Nxf7 Qf8 19. Ne5+ Kc7 20. a4 Qg7 21. axb5 cxb5
22. Ra3 h5 23. Rfa1 Qf8 24. h3 Qe8 25. Qe2 Ne4 26. Nxb5+ axb5 27. c6 Bxc6 28.
Nxc6 Rxa3 29. Rxa3 Bh4 30. g3 Bf6 31. Bxe4 Qxc6 32. Ra7+ Kb6 33. Qa2 Qc8 34.
Bxh7 h4 35. g4 Bd8 36. Bd3 Bc7 37. Qa5+ Kc6 38. Qxb5+ Kd6 39. Qc5+ Kd7 40. Bb5+
1-0

[Event "AUTO-ADV-4161"]
[Site "http://www.queenalice.com/game.php?id=1566732"]
[Date "2019.4.6"]
[Round "1"]
[White "pedone"]
[Black "BOSQUES"]
[Result "1-0"]
[WhiteElo "1820"]
[BlackElo "1834"]

1. e4 c5 2. Bc4 e6 3. Nf3 a6 4. a4 Nc6 5. c3 d6 6. d3 Nf6 7. O-O Be7 8. Ba2 O-O
9. Nbd2 b5 10. Bb1 Bb7 11. b3 Ng4 12. Bb2 e5 13. Ne1 Nh6 14. Ndf3 Bc8 15. axb5
Na5 16. bxa6 Bxa6 17. c4 Bb7 18. Bc2 Nc6 19. h3 Nd4 20. Nxd4 exd4 21. Rxa8 Bxa8
22. Bc1 Bg5 23. f4 Bh4 24. Qh5 Bf6 25. Nf3 Kh8 26. e5 dxe5 27. fxe5 Bxf3 28.
Rxf3 Bxe5 29. Qxe5 f6 30. Qxc5 Re8 31. Kf2 Nf7 32. Bb2 Ng5 33. Rf5 Ne6 34. Qd5
Qe7 35. Qe4 Qf7 36. Qg4 Ng5 37. Qxg5 Qe7 38. Qd2 Qd7 39. Rd5 Qc6 40. Bxd4 h6 41.
b4 Kh7 42. b5 Qc7 43. b6 Qb7 44. Ba4 Re7 45. Ra5 Re6 46. Ra7 Qb8 47. c5 Qd8 48.
Bd7 Re7 49. c6 Qb8 50. c7 1-0

[Event "AUTO-OPEN-4045"]
[Site "http://www.queenalice.com/game.php?id=1566987"]
[Date "2019.4.8"]
[Round "1"]
[White "chessman"]
[Black "BOSQUES"]
[Result "1-0"]
[WhiteElo "1892"]
[BlackElo "1851"]

1. e4 c5 2. Nf3 d6 3. Bb5+ Bd7 4. Bxd7+ Nxd7 5. c3 Ngf6 6. Qe2 g6 7. O-O Bg7 8.
d4 cxd4 9. cxd4 O-O 10. Nc3 Nb6 11. e5 dxe5 12. dxe5 Ne8 13. Rd1 Qc7 14. Bf4 e6
15. Rd2 Qc4 16. Qxc4 Nxc4 17. Re2 Nc7 18. Bg3 Rad8 19. b3 Nb6 20. Ne4 Ncd5 21.
Nd6 Nc3 22. Rc2 Nbd5 23. Nxb7 Rd7 24. Nc5 Rc7 25. Ne4 Rc6 26. Nxc3 Rxc3 27. Rd2
Rfc8 28. h3 Nb4 29. Rd7 Rc1+ 30. Rxc1 Rxc1+ 31. Kh2 a5 32. a3 Na2 33. Rd8+ Bf8
34. Bf4 Rc5 35. Bh6 1-0

[Event "AUTO-OPEN-4045"]
[Site "http://www.queenalice.com/game.php?id=1566988"]
[Date "2019.4.8"]
[Round "1"]
[White "BOSQUES"]
[Black "chessman"]
[Result "0-1"]
[WhiteElo "1825"]
[BlackElo "2023"]

1. d4 d5 2. c4 c6 3. g3 Nf6 4. b3 e6 5. Bg2 Be7 6. Nf3 O-O 7. Bb2 Re8 8. O-O
Nbd7 9. Nc3 Nf8 10. Re1 b6 11. Ne5 Bb7 12. cxd5 cxd5 13. e3 Rc8 14. Rc1 N8d7 15.
f4 Ne4 16. Nxe4 dxe4 17. Re2 Rxc1 18. Qxc1 Nxe5 19. fxe5 Bd5 20. Rc2 f6 21. exf6
Bxf6 22. Ba3 Be7 23. Bxe7 Qxe7 24. Rc7 Qd8 25. Rxa7 Qb8 26. Qc7 Qxc7 27. Rxc7
Ra8 28. Bh3 Rxa2 29. Bg4 Rb2 30. Rc8+ Kf7 31. Bh5+ g6 32. Bg4 Rxb3 33. Rb8 h5
34. Be2 Rxe3 35. Kf2 Rb3 36. Ba6 Rb2+ 37. Ke3 Rxh2 38. Rxb6 Kf6 39. Bb7 Bxb7 40.
Rxb7 Rh3 41. Kxe4 Rxg3 42. Rb6 Rg5 43. Rc6 h4 44. Rc8 Rh5 45. Kf4 h3 46. Rc1 h2
47. Rh1 g5+ 48. Ke4 Rh4+ 49. Ke3 Kf5 50. Kf3 g4+ 51. Kg3 Rh3+ 52. Kg2 Ke4 53.
Rxh2 Rxh2+ 54. Kxh2 Kf3 55. Kg1 Kg3 56. Kh1 Kf2 57. Kh2 g3+ 58. Kh1 g2+ 0-1

[Event "AUTO-OPEN-4045"]
[Site "http://www.queenalice.com/game.php?id=1567013"]
[Date "2019.4.8"]
[Round "1"]
[White "cucalegal3"]
[Black "BOSQUES"]
[Result "0-1"]
[WhiteElo "1914"]
[BlackElo "1879"]

1. e4 c5 2. c4 d6 3. Nc3 Nf6 4. f3 a6 5. g4 h6 6. Nge2 e6 7. d3 Be7 8. Qa4+ Bd7
9. Qb3 Bc6 10. Bg2 O-O 11. g5 hxg5 12. Bxg5 Nh7 13. Bxe7 Qxe7 14. a4 Qg5 15. Bf1
Nd7 16. Qc2 Ne5 17. Ng1 Qh4+ 18. Kd1 Qf4 19. Qe2 Ng5 20. Bg2 f5 21. h4 Nh7 22.
a5 Nf6 23. Qd2 Qxd2+ 24. Kxd2 Nh5 25. Nge2 fxe4 26. dxe4 Nf4 27. Nxf4 Rxf4 28.
b3 Nxf3+ 29. Kd3 Ne5+ 30. Ke3 Rg4 31. Bh3 Rg3+ 32. Kd2 Rf8 33. Bxe6+ Kh8 34. Bd5
Rf2+ 35. Ne2 Bxd5 36. exd5 Rxb3 37. Ke1 Rbf3 38. Nc1 Nxc4 39. Nd3 Rc2 40. Kd1
Rd2+ 41. Ke1 Rdxd3 42. Rh2 Rxd5 43. Ke2 Re3+ 44. Kf1 Rf5+ 45. Kg1 Rg3+ 46. Kh1
Nxa5 47. Rg2 Rxg2 48. Rxa5 Rg4 49. Ra2 Rxh4+ 50. Kg1 Rg4+ 51. Kh1 Rh5+ 52. Rh2
Rxh2+ 53. Kxh2 b5 0-1

[Event "AUTO-OPEN-4045"]
[Site "http://www.queenalice.com/game.php?id=1567014"]
[Date "2019.4.8"]
[Round "1"]
[White "BOSQUES"]
[Black "cucalegal3"]
[Result "0-1"]
[WhiteElo "1834"]
[BlackElo "1897"]

1. d4 e6 2. c4 Bb4+ 3. Bd2 Bxd2+ 4. Nxd2 c6 5. f3 Nh6 6. Nh3 Na6 7. a3 Qf6 8. e3
c5 9. Rb1 cxd4 10. Ne4 Qe7 11. Qxd4 Nf5 12. Qc3 Nc5 13. Nxc5 Qxc5 14. e4 Qe3+
15. Qxe3 Nxe3 16. Bd3 Nxg2+ 17. Kf2 Nh4 18. b4 Ng6 19. f4 d6 20. e5 dxe5 21.
Bxg6 hxg6 22. Ng1 exf4 23. Nf3 f6 24. Rbd1 b6 25. Rd6 e5 26. Rhd1 O-O 27. c5 e4
28. Nh4 Bf5 29. Nxf5 gxf5 30. R1d5 g6 31. cxb6 axb6 32. Rd7 Rxa3 33. Rb5 Ra6 34.
Rd6 Ra2+ 35. Kg1 Rc8 36. Rd1 f3 37. Rxb6 f2+ 38. Kf1 Kg7 39. b5 e3 40. Re6 f4
41. b6 Rb2 42. Rd7+ Kh6 43. b7 Rb1+ 44. Kg2 Rg1+ 0-1

[Event "AUTO-OPEN-4045"]
[Site "http://www.queenalice.com/game.php?id=1567029"]
[Date "2019.4.8"]
[Round "1"]
[White "CleitonNog1986"]
[Black "BOSQUES"]
[Result "0-1"]
[WhiteElo "2005"]
[BlackElo "1817"]

1. d4 d5 2. Nf3 Nf6 3. e3 g6 4. c4 c6 5. Nc3 e6 6. Bd3 Bg7 7. O-O O-O 8. cxd5
cxd5 9. Ne5 Nc6 10. f4 a6 11. a3 Na5 12. b4 Nc4 13. Nxc4 dxc4 14. Bxc4 Rb8 15.
Qf3 b5 16. Bd3 Bb7 17. Ne4 Nd5 18. Qf2 Rc8 19. Bb2 Kh8 0-1

[Event "AUTO-OPEN-4045"]
[Site "http://www.queenalice.com/game.php?id=1567030"]
[Date "2019.4.8"]
[Round "1"]
[White "BOSQUES"]
[Black "CleitonNog1986"]
[Result "1-0"]
[WhiteElo "1841"]
[BlackElo "1981"]

1. d4 Nf6 2. c4 e6 3. Nf3 d5 4. Bg5 Be7 5. Nc3 Nbd7 6. g3 O-O 7. cxd5 Nxd5 8.
Bxe7 Qxe7 9. Bg2 c6 10. O-O f5 11. Ne5 Qf6 12. Nxd5 cxd5 13. f4 Nb6 14. b3 Nd7
15. Rc1 Nxe5 16. dxe5 Qe7 17. e3 b5 18. Rc3 1-0